Standards for stellar photometry and spectral classification (Record no. 2203)

MARC details
000 -LEADER
fixed length control field 00599nam a2200181Ia 4500
003 - CONTROL NUMBER IDENTIFIER
control field IN-BaIIA
008 - FIXED-LENGTH DATA ELEMENTS--GENERAL INFORMATION
fixed length control field 211028s9999 xx 000 0 eng d
040 ## - CATALOGING SOURCE
Transcribing agency IIA Library
080 ## - UNIVERSAL DECIMAL CLASSIFICATION NUMBER
Universal Decimal Classification number 524.312(082.2)
Item number THE
100 ## - MAIN ENTRY--PERSONAL NAME
Personal name The, Pik-Sin
9 (RLIN) 3992
245 #0 - TITLE STATEMENT
Title Standards for stellar photometry and spectral classification
Statement of responsibility, etc. Pik-Sin The
260 ## - PUBLICATION, DISTRIBUTION, ETC.
Place of publication, distribution, etc. Java
Name of publisher, distributor, etc. Bandung Institut Teknologi
Date of publication, distribution, etc. 1963
300 ## - PHYSICAL DESCRIPTION
Extent 821p
650 ## - SUBJECT ADDED ENTRY--TOPICAL TERM
Topical term or geographic name entry element Astronomy and Astrophysics Thesaurus
650 ## - SUBJECT ADDED ENTRY--TOPICAL TERM
Topical term or geographic name entry element Spectral Classification
9 (RLIN) 3993
650 ## - SUBJECT ADDED ENTRY--TOPICAL TERM
Topical term or geographic name entry element Stellar Photometry
9 (RLIN) 3994
942 ## - ADDED ENTRY ELEMENTS (KOHA)
Koha item type Books
Holdings
Withdrawn status Lost status Source of classification or shelving scheme Damaged status Not for loan Home library Current library Shelving location Date acquired Total Checkouts Full call number Barcode Date last seen Price effective from Koha item type Purchase Price
    Dewey Decimal Classification     IIA Library-Bangalore IIA Library-Kodaikanal General Stacks     524.312(082.2)/ THE 2470 05/11/2021   Books  

Powered by Koha